[Event "SRI-chB (Women)"]
[Site "Mount Lavinia"]
[Date "2022.03.16"]
[Round "1"]
[White "Sanudula, KM Dahamdi"]
[Black "Luxiha, R."]
[Result "1-0"]
[WhiteElo "1768"]
[BlackElo "1150"]
[PlyCount "57"]
[EventDate "2022.03.16"]
[EventType "swiss"]
[EventRounds "10"]
[EventCountry "SRI"]
[SourceTitle "EXT 2023"]
[Source "ChessBase"]
[SourceDate "2022.10.05"]
[SourceVersion "1"]
[SourceVersionDate "2022.10.05"]
[SourceQuality "1"]

1. d4 d5 2. e3 Bf5 3. Bd3 Qd7 4. Nf3 f6 5. Nh4 Bxd3 6. cxd3 e5 7. dxe5 fxe5 8. Qh5+ Qf7 9. Qxe5+ Be7 10. Nf3 Nc6 11. Qg3 Nf6 12. 0-0 Bd6 13. Qh4 Qh5 14. Qxh5+ Nxh5 15. Nc3 Nf6 16. Nb5 0-0-0 17. Ng5 Rd7 18. Nxd6+ cxd6 19. Bd2 h6 20. Nf3 Rf8 21. Rac1 Kb8 22. Bc3 Ng4 23. b4 Nge5 24. Bxe5 dxe5 25. b5 Nb4 26. Nxe5 Rc7 27. a3 Re8 28. Rc2 Rc5 29. Rxc5 1-0